Poľnohospodárstvo a potravinárstvo Extra príloha

Rozhovor s predsedom Slovenskej poľnohospodárskej a potravinárskej komory (SPPK) so sídlom v Bratislave Ing. J. Pacigom. Činnosť SPPK od jej založenia v r. 1992 ako inštitúcie mimovládneho charakteru. Hodnotenie doterajších výsledkov činnosti SPPK. Spolupráca s orgánmi štátnej správy. Príprava poľno...

Descrizione completa

Salvato in:
Dettagli Bibliografici
Autore principale: Paciga, J.
Altri autori: Janek, Miroslav
Natura: Capitolo di libro
Lingua:slovacco
Soggetti:
Tags: Aggiungi Tag
Nessun Tag, puoi essere il primo ad aggiungerne!!

MARC

LEADER 00000naa a2200000 4500
001 r027481
005 20230606082211.5
041 0 |a slo 
044 |a SK 
245 1 0 |a Poľnohospodárstvo a potravinárstvo  |b Extra príloha  |c J. Paciga, Miroslav Janek 
520 |a Rozhovor s predsedom Slovenskej poľnohospodárskej a potravinárskej komory (SPPK) so sídlom v Bratislave Ing. J. Pacigom. Činnosť SPPK od jej založenia v r. 1992 ako inštitúcie mimovládneho charakteru. Hodnotenie doterajších výsledkov činnosti SPPK. Spolupráca s orgánmi štátnej správy. Príprava poľnohospodárstva a potravinárstva pre vstup do EÚ. 
610 2 0 |a SPPK Bratislava 
610 2 0 |a komory hospodárske 
610 2 0 |a poľnohospodárstvo 
610 2 0 |a potravinárstvo 
610 2 0 |a Slovensko 
610 2 0 |a trh spoločný 
610 2 0 |a Európska únia 
100 1 |a Paciga, J. 
700 1 |a Janek, Miroslav